<La> posición de la mujer en la España musulmana desde la perspectiva de la novela Soraya bakalárska práca

Uložené v:
Podrobná bibliografia
Hlavný autor: Bielekova, Sandra
Korporativný autor: Fakulta aplikovaných jazykov EU v Bratislave. Katedra románskych a slovanských jazykov
Ďalší autori: Sánchez Presa, Mónica
Médium: Kniha
Jazyk:Spanish
Vydavateľské údaje: Bratislava 2016
Tagy: Pridať tag
Žiadne tagy, Buďte prvý, kto otaguje tento záznam!

MARC

LEADER 00000nbm a2200000 4500
001 0217481
005 20170130094152.8
041 0 |a spa 
044 |a SK 
245 1 0 |a <La> posición de la mujer en la España musulmana desde la perspectiva de la novela Soraya  |b bakalárska práca  |c Sandra Bielekova ; školiteľ: Mónica Sánchez Presa 
264 1 |a Bratislava  |c 2016 
300 |a 40 s. 
100 1 |a Bielekova, Sandra 
700 1 |a Sánchez Presa, Mónica 
710 2 |a Fakulta aplikovaných jazykov EU v Bratislave. Katedra románskych a slovanských jazykov